ARRUPE JESUIT UNIVERSITY

CORONAVIRUS -STOP THE SPREAD - CLEAN,DISINFECT,COVER

Religion, culture, and language : (Record no. 3121)

MARC details
000 -LEADER
fixed length control field 01208cam a2200325 a 4500
001 - CONTROL NUMBER
control field 14377828
005 - DATE AND TIME OF LATEST TRANSACTION
control field 20170605151212.0
008 - FIXED-LENGTH DATA ELEMENTS--GENERAL INFORMATION
fixed length control field 060516s2006 gh b 000 0 eng c
010 ## - LIBRARY OF CONGRESS CONTROL NUMBER
LC control number 2006306545
020 ## - INTERNATIONAL STANDARD BOOK NUMBER
International Standard Book Number 9964969171
035 ## - SYSTEM CONTROL NUMBER
System control number (CStRLIN)CSUGA6757495-B
035 ## - SYSTEM CONTROL NUMBER
System control number (CSt)(Sirsi)a6757495
040 ## - CATALOGING SOURCE
Original cataloging agency CSt
Transcribing agency CSt
Modifying agency DLC
042 ## - AUTHENTICATION CODE
Authentication code pcc
-- lcode
043 ## - GEOGRAPHIC AREA CODE
Geographic area code f-gh---
050 00 - LIBRARY OF CONGRESS CALL NUMBER
Classification number DT510
Item number .B44 2006
100 1# - MAIN ENTRY--PERSONAL NAME
Personal name Bediako, Kwame.
9 (RLIN) 32199
245 10 - TITLE STATEMENT
Title Religion, culture, and language :
Remainder of title an appreciation of the intellectual legacy of Dr. J.B. Danquah /
Statement of responsibility, etc Kwame Bediako.
260 ## - PUBLICATION, DISTRIBUTION, ETC. (IMPRINT)
Place of publication, distribution, etc Accra :
Name of publisher, distributor, etc Ghana Academy of Arts and Sciences,
Date of publication, distribution, etc c2006.
300 ## - PHYSICAL DESCRIPTION
Extent xi, 50 p. ;
Dimensions 22 cm.
490 1# - SERIES STATEMENT
Series statement J.B. Danquah memorial lectures ;
Volume number/sequential designation ser. 37
500 ## - GENERAL NOTE
General note "February 2004."
504 ## - BIBLIOGRAPHY, ETC. NOTE
Bibliography, etc Includes bibliographical references.
600 10 - SUBJECT ADDED ENTRY--PERSONAL NAME
Personal name Danquah, J. B.
Fuller form of name (Joseph Boakye)
General subdivision Political and social views.
9 (RLIN) 32200
651 #0 - SUBJECT ADDED ENTRY--GEOGRAPHIC NAME
Geographic name Ghana
General subdivision Civilization.
9 (RLIN) 24018
830 #0 - SERIES ADDED ENTRY--UNIFORM TITLE
Uniform title J.B. Danquah memorial lectures ;
Volume number/sequential designation ser. 37.
9 (RLIN) 32201
906 ## - LOCAL DATA ELEMENT F, LDF (RLIN)
a 7
b cbc
c pccadap
d 3
e ncip
f 20
g y-gencatlg
942 ## - ADDED ENTRY ELEMENTS (KOHA)
Source of classification or shelving scheme Library of Congress Classification
Item type Monograph ( Printed materials)
Holdings
Withdrawn status Lost status Source of classification or shelving scheme Damaged status Not for loan Collection code Home library Current library Shelving location Date acquired Total Checkouts Full call number Barcode Date last seen Copy number Price effective from Koha item type
    Library of Congress Classification     Main Collection ARRUPE LIBRARY ARRUPE LIBRARY   27/02/2013   DT510.B44 2006 46404259 07/12/2017 1 27/02/2013 Monograph ( Printed materials)

 

Arrupe Library. PO Box MP320 Mt Pleasant, Harare, Zimbabwe
263 242 745411|librarian@aju.ac.zw